Score 0/15 Timer 01:00
0 Plays Today
% Correct
Chief
87.1%
Compulsive
86.1%
Christian
80.7%
Cable
71.6%
Championship
70.4%
Colored
63.7%
Conditioning
61.4%
Central
57.7%
% Correct
Congo
55.8%
Civil
55.5%
Code
52.2%
Columbia
48.2%
Computer
45.1%
Cyan
41.5%
Chili
33.1%

Today's Daily Dose

Remove Ads.
Support Sporcle.
Get the best of Sporcle when you Go Orange. This ad-free experience offers more features, more stats, and more fun while also helping to support Sporcle. Thank you for becoming a member.

You're not logged in!

Compare scores with friends on all Sporcle quizzes.
OR
Log In

Show Comments

Extras

Top Quizzes Today


Score Distribution

Your Account Isn't Verified!

In order to create a playlist on Sporcle, you need to verify the email address you used during registration. Go to your Sporcle Settings to finish the process.

Report this User

Report this user for behavior that violates our Community Guidelines.

Details: